European space science horizon 2000 (Record no. 15377)

MARC details
000 -LEADER
fixed length control field 00594nam a2200181Ia 4500
003 - CONTROL NUMBER IDENTIFIER
control field IN-BaIIA
008 - FIXED-LENGTH DATA ELEMENTS--GENERAL INFORMATION
fixed length control field 211028s9999 xx 000 0 eng d
040 ## - CATALOGING SOURCE
Transcribing agency IIA Library
245 #0 - TITLE STATEMENT
Title European space science horizon 2000
Statement of responsibility, etc. edited by Norman Longdon
260 ## - PUBLICATION, DISTRIBUTION, ETC.
Place of publication, distribution, etc. France
Name of publisher, distributor, etc. European Space Agency
Date of publication, distribution, etc. 1984
300 ## - PHYSICAL DESCRIPTION
Extent v, 137p.
650 ## - SUBJECT ADDED ENTRY--TOPICAL TERM
Topical term or geographic name entry element Solar System Science
9 (RLIN) 28408
650 ## - SUBJECT ADDED ENTRY--TOPICAL TERM
Topical term or geographic name entry element Space Astronomy
9 (RLIN) 3005
650 ## - SUBJECT ADDED ENTRY--TOPICAL TERM
Topical term or geographic name entry element Space Astronomy-Industrial Benefits
9 (RLIN) 28409
650 ## - SUBJECT ADDED ENTRY--TOPICAL TERM
Topical term or geographic name entry element Technical Report
9 (RLIN) 28410
700 ## - ADDED ENTRY--PERSONAL NAME
Personal name Longdon,Norman., ed.
9 (RLIN) 28411
942 ## - ADDED ENTRY ELEMENTS (KOHA)
Koha item type Books
Holdings
Withdrawn status Lost status Damaged status Not for loan Home library Current library Shelving location Date acquired Total Checkouts Barcode Date last seen Price effective from Koha item type
        IIA Library-Bangalore IIA Library-Bangalore General Stacks 27/08/2003   16299 05/11/2021 27/08/2003 Books

Powered by Koha